Propuesta de modernización de la Fuerza Aérea de República Dominicana (2016-2020): Análisis diagnóstico de la Dirección de Comunicaciones y Electrónica (A-6) / (Registro nro. 1483)

Detalles MARC
000 -CABECERA
campo de control de longitud fija 01951nam a22002657a 4500
003 - IDENTIFICADOR DEL NÚMERO DE CONTROL
campo de control OSt
005 - FECHA Y HORA DE LA ÚLTIMA TRANSACCIÓN
campo de control 20191014192852.0
008 - DATOS DE LONGITUD FIJA--INFORMACIÓN GENERAL
campo de control de longitud fija 170815b xxu||||| |||| 00| 0 esp d
040 ## - FUENTE DE LA CATALOGACIÓN
Centro/agencia transcriptor DO-SdBJH
Centro catalogador/agencia de origen DO-SdBJH
Lengua de catalogación spa
090 ## - LOCALMENTE ASIGNADO TIPO-LC NÚMERO DE CLASIFICACIÓN (OCLC); NÚMERO DE CLASIFICACIÓN LOCAL (RLIN)
Número de clasificación (OCLC) (R) ; Numero de clasificación, CALL (RLIN) (NR) TG AAFFM
Número cutter local (OCLC) ; Número de libro/Signatura topográfica íntegra, CALL (RLIN) 01015 2015
100 1# - ENTRADA PRINCIPAL--NOMBRE DE PERSONA
Nombre de persona De los Santos Hernández, Wilbert
Término indicativo de función/relación sustentante
245 10 - MENCIÓN DE TÍTULO
Título Propuesta de modernización de la Fuerza Aérea de República Dominicana (2016-2020): Análisis diagnóstico de la Dirección de Comunicaciones y Electrónica (A-6) /
Mención de responsabilidad, etc. Wilbert De los Santos Hernández, Franshelys Yarilis Tejeda Guerrero, asesores Carlos Tello de Jesús, Tebi Enrique Rodríguez Hernández
260 ## - PUBLICACIÓN, DISTRIBUCIÓN, ETC.
Lugar de publicación, distribución, etc. Santo Domingo Este :
Nombre del editor, distribuidor, etc. INSUDE,
Fecha de publicación, distribución, etc. 2015
300 ## - DESCRIPCIÓN FÍSICA
Extensión xvii, 62 páginas, ilustraciones-mapas-fotos en anexo
502 ## - NOTA DE TESIS
Nota de tesis Trabajo de grado (Licenciatura en Ciencias Aeronáuticas) -- Instituto Superior para la Defensa (INSUDE). -- Academia Aérea Gral. De Brigada Piloto Frank Andrés Feliz Miranda, 2015.
504 ## - NOTA DE BIBLIOGRAFÍA, ETC.
Nota de bibliografía, etc. Incluye referencias bibliográficas e índices
505 ## - NOTA DE CONTENIDO CON FORMATO
Nota de contenido con formato Antecedentes históricos de la dirección de comunicaciones y electrónica. -- Necesidades existentes en la dirección de comunicaciones y electrónica (A-6) de la Fuerza Aérea de la República Dominicana en la actualidad. -- Propuesta de modernización de la dirección de comunicaciones y electrónica (A-6) de la Fuerza Aérea de la República Dominicana. Análisis (FODA)
650 #4 - PUNTO DE ACCESO ADICIONAL DE MATERIA--TÉRMINO DE MATERIA
Término de materia o nombre geográfico como elemento de entrada Análisis de la Dirección de Comunicaciones y Electrónica (A-6) -- Moderización - Equipos (propuesta)
651 #4 - PUNTO DE ACCESO ADICIONAL DE MATERIA--NOMBRE GEOGRÁFICO
Nombre geográfico República Dominicana. Fuerza Aérea -- Dirección de Comunicación
700 1# - PUNTO DE ACCESO ADICIONAL--NOMBRE DE PERSONA
Nombre de persona Tejeda Guerrero, Franshelys Yarilis
Término indicativo de función/relación sustentante
700 1# - PUNTO DE ACCESO ADICIONAL--NOMBRE DE PERSONA
Nombre de persona Tello de Jesús, Carlos
Término indicativo de función/relación asesor
700 1# - PUNTO DE ACCESO ADICIONAL--NOMBRE DE PERSONA
Nombre de persona Rodríguez Hernández, Tebi Enrique
Término indicativo de función/relación asesor
830 ## - PUNTO DE ACCESO ADICIONAL DE SERIE-TÍTULO UNIFORME
Título uniforme INSUDE. Academia Aérea Gral. De Brig. Pil. Frank Andrés Feliz Miranda. Tesis y disertaciones académicas
942 ## - ELEMENTOS DE PUNTO DE ACCESO ADICIONAL (KOHA)
Fuente del sistema de clasificación o colocación Clasificación Local
Tipo de ítem Koha Tesis
Existencias
Estado de retiro Estado de pérdida Fuente del sistema de clasificación o colocación Estado dañado No para préstamo Código de colección Localización permanente Ubicación/localización actual Fecha de adquisición Número de inventario Total de préstamos Signatura topográfica completa Código de barras Fecha visto por última vez Número de copia Precio válido a partir de Tipo de ítem Koha
    Clasificación Local   Préstamo Interno Trabajos de Grado e Investigción SIBM UNADE - Biblioteca Sede Central SIBM UNADE - Biblioteca Sede Central 08/15/2017 15-01015   TG AAFFM 01015 2015 15-01015 10/06/2018 e.1 08/15/2017 Tesis
© Copyright 2016. Universidad Nacional para la Defensa.Todos los derechos reservados.

 

Designed & Maintained by: https://www.sibdweb.com.do
Sistema de Información & Bibliotecas (SIBD). Contact: pbrito2005@gmail.com